| 000 | 00392nam a22001577a 4500 | ||
|---|---|---|---|
| 003 | MACL | ||
| 005 | 20160802144623.0 | ||
| 008 | 160802b xxu||||| |||| 00| 0 eng d | ||
| 040 | _cMACL | ||
| 041 | _aEnglish | ||
| 082 | _a320 SUR | ||
| 100 |
_aSuri, Priya _965961 |
||
| 245 |
_aHistory Of Indian Parliament _cPriya Suri |
||
| 260 |
_aAllahabad _bShabad Prakashan _c2010 |
||
| 942 |
_2ddc _cBK |
||
| 999 |
_c55444 _d55444 |
||